[Event "Regionalliga Sued-Ost 1819"]
[Site "Bayern"]
[Date "2019.04.07"]
[Round "9.2"]
[White "Manakov, Marina"]
[Black "Grum, Theodor"]
[Result "1-0"]
[WhiteElo "2261"]
[BlackElo "1780"]
[PlyCount "43"]
[EventDate "2018.10.21"]
[EventType "team-tourn"]
[EventRounds "9"]
[EventCountry "GER"]
[SourceTitle "EXT 2022"]
[Source "ChessBase"]
[SourceDate "2021.10.06"]
[SourceVersion "1"]
[SourceVersionDate "2021.10.06"]
[SourceQuality "1"]
[WhiteTeam "Tegernsee TV"]
[BlackTeam "Grafenau"]
[WhiteTeamCountry "GER"]
[BlackTeamCountry "GER"]

1. d4 Nf6 2. Nf3 g6 3. Bf4 c5 4. c3 Qa5 5. e3 Bg7 6. Nbd2 d6 7. Nb3 Qb6 8. dxc5 dxc5 9. Bc4 0-0 10. 0-0 Bg4 11. h3 Bf5 12. Qe2 Nc6 13. a4 a5 14. Rfd1 Rfe8 15. Ng5 e6 16. e4 h6 17. exf5 hxg5 18. fxe6 fxe6 19. Bxg5 Nd5 20. Rxd5 exd5 21. Bxd5+ Kh7 22. Qg4 1-0

[Event "Regionalliga Sued-Ost 1718"]
[Site "Bayern"]
[Date "2018.02.04"]
[Round "6.2"]
[White "Manakov, Marina"]
[Black "Guzsvany, Arpad"]
[Result "1-0"]
[WhiteElo "2260"]
[BlackElo "2136"]
[PlyCount "55"]
[EventDate "2017.10.22"]
[EventType "team-tourn"]
[EventRounds "9"]
[EventCountry "GER"]
[SourceTitle "EXT 2022"]
[Source "ChessBase"]
[SourceDate "2021.10.06"]
[SourceVersion "1"]
[SourceVersionDate "2021.10.06"]
[SourceQuality "1"]
[WhiteTeam "Tegernsee TV"]
[BlackTeam "Ebersberg Grafing"]
[WhiteTeamCountry "GER"]
[BlackTeamCountry "GER"]

1. d4 c6 2. Nf3 Nf6 3. c4 d5 4. cxd5 cxd5 5. Nc3 Nc6 6. Bf4 Bf5 7. Qb3 Na5 8. Qa4+ Bd7 9. Qc2 Rc8 10. e3 e6 11. Bd3 Be7 12. 0-0 0-0 13. Ne5 h6 14. Qe2 Nc6 15. Rac1 Nxe5 16. Bxe5 Bc6 17. Rc2 Bd6 18. Bxd6 Qxd6 19. Rfc1 a6 20. Na4 Nd7 21. Nc5 Nxc5 22. Rxc5 Bd7 23. b4 b6 24. Rxc8 Rxc8 25. Rxc8+ Bxc8 26. Qc2 Bd7 27. Qc3 Bb5 28. Qc8+ 1-0

[Event "BL 1314 (Women)"]
[Site "Germany"]
[Date "2013.12.01"]
[Round "4.5"]
[White "Katte, Isabel"]
[Black "Manakov, Marina"]
[Result "1/2-1/2"]
[WhiteElo "1940"]
[BlackElo "2270"]
[PlyCount "53"]
[EventDate "2013.10.04"]
[EventType "team-tourn"]
[EventRounds "11"]
[EventCountry "GER"]
[SourceTitle "EXT 2018"]
[Source "ChessBase"]
[SourceDate "2017.10.13"]
[SourceVersion "1"]
[SourceVersionDate "2017.10.13"]
[SourceQuality "1"]
[WhiteTeam "Schott Mainz (W)"]
[BlackTeam "Deizisau (W)"]
[WhiteTeamCountry "GER"]
[BlackTeamCountry "GER"]

1. e4 c6 2. d4 d5 3. exd5 cxd5 4. Bf4 Nc6 5. c3 Nf6 6. Bd3 Bg4 7. Qb3 Na5 8. Qa4+ Bd7 9. Qc2 g6 10. Nf3 Bg7 11. Ne5 Be6 12. Nd2 Rc8 13. Ndf3 Nc4 14. Ng5 Nxe5 15. dxe5 Nh5 16. Nxe6 fxe6 17. Bg3 Nxg3 18. hxg3 Bxe5 19. Rxh7 Rxh7 20. Bxg6+ Rf7 21. Qa4+ Kf8 22. Qg4 Qb6 23. Bxf7 Kxf7 24. Qh5+ Kf6 25. Qh6+ Kf7 26. Qh5+ Kf6 27. Qh6+ 1/2-1/2

[Event "BL 1314 (Women)"]
[Site "Germany"]
[Date "2013.10.05"]
[Round "1.4"]
[White "Manakov, Marina"]
[Black "Schmidt, Jade"]
[Result "1-0"]
[WhiteElo "2270"]
[BlackElo "2137"]
[PlyCount "81"]
[EventDate "2013.10.04"]
[EventType "team-tourn"]
[EventRounds "11"]
[EventCountry "GER"]
[SourceTitle "EXT 2018"]
[Source "ChessBase"]
[SourceDate "2017.10.13"]
[SourceVersion "1"]
[SourceVersionDate "2017.10.13"]
[SourceQuality "1"]
[WhiteTeam "Deizisau (W)"]
[BlackTeam "Hamburger SK (W)"]
[WhiteTeamCountry "GER"]
[BlackTeamCountry "GER"]

1. d4 d5 2. Bf4 Nf6 3. e3 c5 4. Nc3 a6 5. dxc5 Nc6 6. a3 e6 7. b4 Be7 8. Be2 0-0 9. h3 e5 10. Bh2 d4 11. exd4 exd4 12. Na4 Nd5 13. Nf3 Bf6 14. 0-0 Bf5 15. Bd3 Qd7 16. Re1 Rfe8 17. Qd2 Rad8 18. Nb2 h6 19. Bxf5 Qxf5 20. Qd3 Qxd3 21. cxd3 Nc3 22. Nc4 a5 23. bxa5 Ra8 24. Bc7 Rac8 25. Rxe8+ Rxe8 26. Nd6 Re7 27. Bb6 Ne2+ 28. Kf1 Nf4 29. Re1 Rd7 30. Re8+ Kh7 31. Rc8 Nxd3 32. Nxb7 Nde5 33. Nxe5 Nxe5 34. Nd6 d3 35. Rc7 Rxc7 36. Bxc7 Nc6 37. Nb5 Bb2 38. a6 Bc1 39. a7 Nxa7 40. Nxa7 Bxa3 41. c6 1-0

[Event "Oberliga Wuerttemberg 1213"]
[Site "Wuerttemberg"]
[Date "2013.04.14"]
[Round "9.4"]
[White "Manakov, Marina"]
[Black "Ulmer, Micha"]
[Result "1-0"]
[WhiteElo "2228"]
[BlackElo "1955"]
[PlyCount "95"]
[EventDate "2012.09.30"]
[EventType "team-tourn"]
[EventRounds "9"]
[EventCountry "GER"]
[SourceTitle "EXT 2019"]
[Source "ChessBase"]
[SourceDate "2018.10.10"]
[SourceVersion "1"]
[SourceVersionDate "2018.10.10"]
[SourceQuality "1"]
[WhiteTeam "Deizisau"]
[BlackTeam "Bebenhausen II"]
[WhiteTeamCountry "GER"]
[BlackTeamCountry "GER"]

1. d4 d5 2. Bf4 Nf6 3. e3 Bg4 4. f3 Bf5 5. g4 Bg6 6. h4 h6 7. Bd3 Bxd3 8. Qxd3 Nbd7 9. Nc3 e6 10. Nb5 Bb4+ 11. Kf2 Ba5 12. b4 Bb6 13. Ne2 a6 14. Nbc3 Qe7 15. Ng3 g6 16. g5 Ng8 17. a3 c6 18. Na4 Rd8 19. Kg2 Ba7 20. Nc5 Nxc5 21. bxc5 Bb8 22. Rab1 e5 23. dxe5 Bxe5 24. Bxe5 Qxe5 25. f4 Qe7 26. Qd4 Rh7 27. h5 Rd7 28. Kf2 Qe6 29. f5 gxf5 30. Qf4 hxg5 31. Qxf5 Nh6 32. Qxh7 Ng4+ 33. Kg2 Nxe3+ 34. Kg1 Qe5 35. Kh2 Ng4+ 36. Kh3 Nf2+ 37. Kg2 Nxh1 38. Rxh1 Re7 39. Qf5 Kf8 40. h6 Kg8 41. Qxe5 Rxe5 42. Rf1 d4 43. Rf5 Re6 44. Rxg5+ Kh7 45. Nf5 Re2+ 46. Kf3 Rxc2 47. Rg7+ Kh8 48. Nd6 1-0

[Event "Oberliga Wuerttemberg 1112"]
[Site "Wuerttemberg"]
[Date "2012.02.26"]
[Round "7.4"]
[White "Seyfried, Claus"]
[Black "Manakov, Marina"]
[Result "0-1"]
[WhiteElo "2144"]
[BlackElo "2289"]
[PlyCount "36"]
[EventDate "2011.10.09"]
[EventType "team-tourn"]
[EventRounds "9"]
[EventCountry "GER"]
[SourceTitle "EXT 2019"]
[Source "ChessBase"]
[SourceDate "2018.10.10"]
[SourceVersion "1"]
[SourceVersionDate "2018.10.10"]
[SourceQuality "1"]
[WhiteTeam "Stuttgart SF II"]
[BlackTeam "Deizisau"]
[WhiteTeamCountry "GER"]
[BlackTeamCountry "GER"]

1. e4 d5 2. exd5 Qxd5 3. Nc3 Qa5 4. d4 Nf6 5. Bc4 Nc6 6. Nge2 Bf5 7. 0-0 0-0-0 8. d5 Nb4 9. Nd4 Bg4 10. f3 e5 11. Nb3 Qb6+ 12. Kh1 Bf5 13. Na4 Qd6 14. Be3 Nbxd5 15. Bxa7 Qb4 16. Bd3 Bxd3 17. Qxd3 Qxa4 18. Bc5 Qc6 0-1

[Event "Oberliga Wuerttemberg 1112"]
[Site "Wuerttemberg"]
[Date "2012.01.15"]
[Round "5.6"]
[White "Gulde, Juergen"]
[Black "Manakov, Marina"]
[Result "0-1"]
[WhiteElo "2108"]
[BlackElo "2289"]
[PlyCount "54"]
[EventDate "2011.10.09"]
[EventType "team-tourn"]
[EventRounds "9"]
[EventCountry "GER"]
[SourceTitle "EXT 2019"]
[Source "ChessBase"]
[SourceDate "2018.10.10"]
[SourceVersion "1"]
[SourceVersionDate "2018.10.10"]
[SourceQuality "1"]
[WhiteTeam "Schwaebisch Gmuend"]
[BlackTeam "Deizisau"]
[WhiteTeamCountry "GER"]
[BlackTeamCountry "GER"]

1. e4 d5 2. exd5 Qxd5 3. Nc3 Qa5 4. Rb1 c6 5. b4 Qc7 6. g3 Nf6 7. Bg2 Bg4 8. Nge2 e6 9. h3 Bh5 10. a3 Nbd7 11. d3 Bd6 12. 0-0 e5 13. Be3 0-0 14. Qd2 a5 15. d4 Rfd8 16. Qc1 axb4 17. axb4 Re8 18. b5 Bxe2 19. Nxe2 cxb5 20. dxe5 Rxe5 21. Nd4 Qc4 22. Bxb7 Rae8 23. Nf3 Rh5 24. Kg2 Rb8 25. Nd2 Qe6 26. g4 Nxg4 27. Bf3 Nxe3+ 0-1

[Event "Oberliga Wuerttemberg 1112"]
[Site "Wuerttemberg"]
[Date "2011.10.09"]
[Round "1.4"]
[White "Manakov, Marina"]
[Black "Wolf, Christian2222"]
[Result "1-0"]
[WhiteElo "2289"]
[BlackElo "2183"]
[PlyCount "53"]
[EventDate "2011.10.09"]
[EventType "team-tourn"]
[EventRounds "9"]
[EventCountry "GER"]
[SourceTitle "EXT 2019"]
[Source "ChessBase"]
[SourceDate "2018.10.10"]
[SourceVersion "1"]
[SourceVersionDate "2018.10.10"]
[SourceQuality "1"]
[WhiteTeam "Deizisau"]
[BlackTeam "Willsbach"]
[WhiteTeamCountry "GER"]
[BlackTeamCountry "GER"]

1. d4 d5 2. Bg5 Nc6 3. e3 f6 4. Bh4 e5 5. Bb5 e4 6. c4 a6 7. Ba4 Be6 8. cxd5 Bxd5 9. Nc3 Bb4 10. Nge2 g5 11. Bg3 b5 12. Bc2 Nge7 13. a3 Bxc3+ 14. Nxc3 Ng6 15. Nxd5 Qxd5 16. Bxc7 Rc8 17. Bb6 Nce7 18. Bc5 Qb7 19. Qg4 f5 20. Qxg5 Qd5 21. 0-0 Kf7 22. Bb1 h6 23. Qh5 Kg7 24. Ba2 Qd7 25. Bxe7 Qxe7 26. Qxf5 Rc6 27. Bd5 1-0

[Event "Oberliga Wuerttemberg 1011"]
[Site "Wuerttemberg"]
[Date "2011.01.23"]
[Round "5"]
[White "Jurek, Josef"]
[Black "Manakov, Marina"]
[Result "1-0"]
[WhiteElo "2352"]
[BlackElo "2316"]
[PlyCount "65"]
[EventDate "2010.09.26"]
[EventType "team-tourn"]
[EventRounds "9"]
[EventCountry "GER"]
[SourceTitle "EXT 2019"]
[Source "ChessBase"]
[SourceDate "2018.10.10"]
[SourceVersion "1"]
[SourceVersionDate "2018.10.10"]
[SourceQuality "1"]
[WhiteTeam "Schwaebisch Gmuend"]
[BlackTeam "Deizisau"]
[WhiteTeamCountry "GER"]
[BlackTeamCountry "GER"]

1. Nf3 d5 2. c4 c6 3. d4 Nf6 4. e3 Bg4 5. h3 Bxf3 6. Qxf3 e6 7. Nc3 Nbd7 8. Bd3 Bd6 9. 0-0 0-0 10. b3 Qe7 11. Bb2 Rfe8 12. Qd1 dxc4 13. bxc4 e5 14. Re1 Rad8 15. Rb1 Nf8 16. Ne4 Nxe4 17. Bxe4 Bb4 18. Re2 Qh4 19. Qc2 exd4 20. exd4 Ne6 21. g3 Qxh3 22. Bg2 Qg4 23. Re4 Qg6 24. d5 cxd5 25. cxd5 Nf8 26. Bxg7 a5 27. Ba1 f5 28. Rf4 Rc8 29. Qxf5 Qxf5 30. Rxf5 Rc2 31. d6 h6 32. Bd5+ Kh7 33. Rxf8 1-0

[Event "BL2 Gr2 0304 (Women)"]
[Site "Germany"]
[Date "2003.11.30"]
[Round "4.1"]
[White "Manakov, Marina"]
[Black "Gempe, Anet"]
[Result "1-0"]
[WhiteElo "2243"]
[BlackElo "2099"]
[PlyCount "137"]
[EventDate "2003.10.25"]
[EventType "team-tourn"]
[EventRounds "7"]
[EventCountry "GER"]
[SourceTitle "EXT 2006"]
[Source "ChessBase"]
[SourceDate "2005.11.24"]
[SourceVersion "1"]
[SourceVersionDate "2005.11.24"]
[SourceQuality "1"]
[WhiteTeam "Augsburg (W)"]
[BlackTeam "Leipzig Mitte (W)"]
[WhiteTeamCountry "GER"]
[BlackTeamCountry "GER"]

1. d4 e6 2. Nf3 d5 3. Bf4 Nf6 4. e3 Be7 5. Nbd2 0-0 6. Bd3 b6 7. Ne5 Bb7 8. Qf3 c5 9. c3 Nc6 10. Qh3 g6 11. Ndf3 Ne4 12. Bh6 Re8 13. 0-0 f5 14. Nxc6 Bxc6 15. Ne5 Qc7 16. f3 Ng5 17. Qg3 Nf7 18. Bf4 Nxe5 19. Bxe5 Qd7 20. h4 Bf8 21. h5 Qf7 22. e4 Bg7 23. exf5 exf5 24. f4 c4 25. Bc2 b5 26. hxg6 hxg6 27. Kf2 Bxe5 28. fxe5 Kg7 29. Ke3 Bd7 30. Rf4 Rh8 31. Raf1 Rh5 32. Bd1 Rh6 33. Qg5 Re8 34. Bf3 Be6 35. Rh4 Rxh4 36. Qxh4 Qe7 37. Qxe7+ Rxe7 38. Kf4 a5 39. a3 Re8 40. Kg5 Rh8 41. Ra1 a4 42. Re1 Rh2 43. Re2 Rh8 44. g4 fxg4 45. Bxg4 Bxg4 46. Kxg4 Rh5 47. Rf2 Rh1 48. Kf4 Re1 49. Kf3 Rh1 50. Re2 Rf1+ 51. Ke3 Rh1 52. Rf2 Rd1 53. Rf6 Rb1 54. Rd6 Rxb2 55. Rxd5 Rc2 56. Rxb5 Rxc3+ 57. Ke4 Rxa3 58. Rb7+ Kf8 59. Rc7 Rc3 60. d5 a3 61. Ra7 Rb3 62. Ra8+ Ke7 63. d6+ Kd7 64. Ra7+ Kc6 65. Rc7+ Kb5 66. d7 Rd3 67. e6 a2 68. Ra7 Rd2 69. Rxa2 1-0

[Event "BL2 Gr2 0304 (Women)"]
[Site "Germany"]
[Date "2003.11.29"]
[Round "3.1"]
[White "Melamed, Tatiana"]
[Black "Manakov, Marina"]
[Result "1/2-1/2"]
[WhiteElo "2322"]
[BlackElo "2243"]
[PlyCount "126"]
[EventDate "2003.10.25"]
[EventType "team-tourn"]
[EventRounds "7"]
[EventCountry "GER"]
[SourceTitle "EXT 2006"]
[Source "ChessBase"]
[SourceDate "2005.11.24"]
[SourceVersion "1"]
[SourceVersionDate "2005.11.24"]
[SourceQuality "1"]
[WhiteTeam "Leipzig Gohlis (W)"]
[BlackTeam "Augsburg (W)"]
[WhiteTeamCountry "GER"]
[BlackTeamCountry "GER"]

1. e4 d5 2. exd5 Qxd5 3. Nc3 Qa5 4. d4 Nf6 5. Nf3 c6 6. Bc4 Bf5 7. Bd2 e6 8. Ne4 Qc7 9. Nxf6+ gxf6 10. Qe2 Nd7 11. 0-0-0 0-0-0 12. Nh4 Bg6 13. Bb3 Nb6 14. c3 c5 15. Nxg6 hxg6 16. dxc5 Bxc5 17. h4 Nd5 18. g3 Qb6 19. Rhf1 Rh5 20. Kb1 Re5 21. Qc4 Qc6 22. Bc1 Rd6 23. Bc2 Nb6 24. Rxd6 Qxd6 25. Qb5 Qd7 26. Qxd7+ Nxd7 27. Bd3 Rd5 28. Kc2 Ne5 29. Be2 f5 30. f3 Be7 31. Rh1 Rd8 32. Be3 a6 33. Bf4 Nd7 34. g4 e5 35. Bd2 fxg4 36. fxg4 f5 37. h5 gxh5 38. gxf5 h4 39. Rg1 Bf6 40. Rg6 Rh8 41. Bf3 h3 42. Rh6 Rxh6 43. Bxh6 Kc7 44. Be3 Bh4 45. Kd2 Nf6 46. Ke2 b5 47. Kf1 Kd6 48. Kg1 Bg3 49. Bb7 a5 50. Bg5 Nh7 51. Bd8 a4 52. Bc8 e4 53. Bb7 e3 54. Kf1 h2 55. Ke2 Bf4 56. Bb6 Nf6 57. Bg2 Nd5 58. Ba7 Bg5 59. Bb8+ Nc7 60. f6 Bxf6 61. Kxe3 a3 62. bxa3 Bxc3 63. Kf2 Be5 1/2-1/2

[Event "BL2-Ost 0203"]
[Site "Germany"]
[Date "2003.01.26"]
[Round "5.7"]
[White "Fischer, Kay"]
[Black "Manakov, Marina"]
[Result "1-0"]
[WhiteElo "2130"]
[BlackElo "2285"]
[PlyCount "77"]
[EventDate "2002.10.20"]
[EventType "team-tourn"]
[EventRounds "9"]
[EventCountry "GER"]
[SourceTitle "EXT 2004"]
[Source "ChessBase"]
[SourceDate "2003.11.25"]
[SourceVersion "1"]
[SourceVersionDate "2003.11.25"]
[SourceQuality "1"]
[WhiteTeam "Erfurt SK II"]
[BlackTeam "Bamberg"]
[WhiteTeamCountry "GER"]
[BlackTeamCountry "GER"]

1. e4 c6 2. d4 g6 3. c4 d5 4. Nc3 dxe4 5. Nxe4 Bg7 6. Be3 Nh6 7. Ng3 0-0 8. Qd2 Ng4 9. Nf3 e5 10. dxe5 Nxe5 11. Nxe5 Qxd2+ 12. Bxd2 Bxe5 13. 0-0-0 Be6 14. f4 Bg7 15. f5 gxf5 16. Bd3 Nd7 17. Nxf5 Ne5 18. Bc2 Bxf5 19. Bxf5 Nxc4 20. b3 Nxd2 21. Kxd2 a5 22. a4 b5 23. Kc2 Rab8 24. axb5 cxb5 25. Rd5 a4 26. bxa4 bxa4 27. Rb1 Ra8 28. Rd2 Be5 29. Rb4 a3 30. Kb3 Kg7 31. h3 h6 32. Ka2 Ra5 33. Rf2 Rd8 34. Rg4+ Kf6 35. Bg6+ Ke6 36. Bxf7+ Ke7 37. Bb3 Rb8 38. Rg6 Bb2 39. Rf7+ 1-0

[Event "BL2-Ost 0203"]
[Site "Germany"]
[Date "2003.01.13"]
[Round "4.5"]
[White "Manakov, Marina"]
[Black "Nothnagel, Holger"]
[Result "0-1"]
[WhiteElo "2285"]
[BlackElo "2308"]
[PlyCount "90"]
[EventDate "2002.10.20"]
[EventType "team-tourn"]
[EventRounds "9"]
[EventCountry "GER"]
[SourceTitle "EXT 2004"]
[Source "ChessBase"]
[SourceDate "2003.11.25"]
[SourceVersion "1"]
[SourceVersionDate "2003.11.25"]
[SourceQuality "1"]
[WhiteTeam "Bamberg"]
[BlackTeam "Zeitnot Hungen-Lich"]
[WhiteTeamCountry "GER"]
[BlackTeamCountry "GER"]

1. d4 c5 2. c3 cxd4 3. cxd4 g6 4. Nf3 Bg7 5. Nc3 Nf6 6. e4 0-0 7. Be2 d6 8. h3 b6 9. e5 Ne8 10. 0-0 Nc6 11. Bf4 Bb7 12. Re1 dxe5 13. dxe5 Nc7 14. Qa4 Ne6 15. Rad1 Qb8 16. Bg3 a6 17. Qh4 Nxe5 18. Nxe5 Bxe5 19. Bxe5 Qxe5 20. Qxe7 Qb8 21. Bc4 Nd8 22. Rxd8 Qxd8 23. Qxb7 Qd2 24. Re2 Qc1+ 25. Kh2 Qf4+ 26. g3 Qxc4 27. Qxb6 Rae8 28. Rxe8 Rxe8 29. Kg2 Re1 30. h4 Qf1+ 31. Kf3 Re6 32. Qd8+ Kg7 33. Qd4+ Rf6+ 34. Ke4 Qg2+ 35. Kd3 Qxf2 36. Ne4 Qxd4+ 37. Kxd4 Rf3 38. g4 Rf4 39. g5 Rxh4 40. b4 h5 41. a4 Kf8 42. b5 axb5 43. a5 b4 44. a6 Rh1 45. Kc4 Ra1 0-1

[Event "BL2 West 0203 (Women)"]
[Site "Germany"]
[Date "2003.??.??"]
[Round "5"]
[White "Ankerst, Milka"]
[Black "Manakov, Marina"]
[Result "0-1"]
[WhiteElo "2148"]
[BlackElo "2289"]
[PlyCount "102"]
[EventDate "2002.10.??"]
[EventType "team-tourn"]
[EventRounds "7"]
[EventCountry "GER"]
[SourceTitle "EXT 2006"]
[Source "ChessBase"]
[SourceDate "2005.11.24"]
[SourceVersion "1"]
[SourceVersionDate "2005.11.24"]
[SourceQuality "1"]

1. e4 d5 2. exd5 Qxd5 3. Nc3 Qa5 4. d4 Nf6 5. Nf3 Bf5 6. Ne5 c6 7. Bd3 Bxd3 8. Qxd3 Nbd7 9. f4 e6 10. 0-0 Be7 11. Bd2 Qc7 12. Ne4 Nxe4 13. Qxe4 g6 14. b3 f5 15. Qe2 Nxe5 16. dxe5 0-0-0 17. Be3 g5 18. Qc4 Rd5 19. Rad1 gxf4 20. Rxd5 cxd5 21. Qxc7+ Kxc7 22. Bd4 Bg5 23. Kf2 Kc6 24. Kf3 a6 25. Rd1 Rc8 26. Bb2 Kb5 27. c3 Bh6 28. Rd4 a5 29. Rd3 Kc6 30. c4 Rd8 31. Bc1 Bg5 32. cxd5+ Rxd5 33. Rc3+ Rc5 34. Rxc5+ Kxc5 35. g3 Kd4 36. gxf4 Bd8 37. Be3+ Kd3 38. Bc5 Bh4 39. Bb6 Be1 40. Bd8 Bd2 41. Bg5 Kc2 42. Ke2 Bc1 43. Bh6 b5 44. Bg5 Kb2 45. Kd3 Kxa2 46. Kc3 Bb2+ 47. Kc2 a4 48. b4 Bd4 49. h3 Be3 50. Bh6 Ka3 51. Kd3 Kb3 0-1

[Event "BL 0102 (Women)"]
[Site "Germany"]
[Date "2002.03.02"]
[Round "6.2"]
[White "Gara, Anita"]
[Black "Manakov, Marina"]
[Result "1-0"]
[WhiteElo "2303"]
[BlackElo "2302"]
[PlyCount "115"]
[EventDate "2001.10.27"]
[EventType "team-tourn"]
[EventRounds "11"]
[EventCountry "GER"]
[SourceTitle "EXT 2003"]
[Source "ChessBase"]
[SourceDate "2002.11.25"]
[SourceVersion "1"]
[SourceVersionDate "2002.11.25"]
[SourceQuality "1"]
[WhiteTeam "Halle"]
[BlackTeam "Stuttgart"]
[WhiteTeamCountry "GER"]
[BlackTeamCountry "GER"]

1. e4 c6 2. c4 d5 3. cxd5 cxd5 4. exd5 Nf6 5. Bb5+ Nbd7 6. Nc3 a6 7. Be2 Nb6 8. Nf3 Nbxd5 9. d4 e6 10. 0-0 Be7 11. Ne5 0-0 12. Bf3 Qc7 13. Qb3 Nxc3 14. bxc3 Bd6 15. Bf4 Rb8 16. c4 Nd7 17. Rfe1 Nxe5 18. Bxe5 Bxe5 19. Rxe5 Rd8 20. Rd1 b6 21. Rh5 g6 22. Rh4 Qe7 23. Rh6 Qg5 24. Rh3 Qf4 25. g3 Qc7 26. Rh4 Bb7 27. d5 e5 28. Rb1 Ba8 29. a4 Qc5 30. Qb2 Qe7 31. Re1 f6 32. Qa2 Rd6 33. Bg2 Rdd8 34. Qb3 Qc5 35. Bh3 Rd6 36. Be6+ Kg7 37. Qb2 Re8 38. Rxe5 Rexe6 39. Rxe6 Rxe6 40. dxe6 Qc6 41. Kf1 Qxe6 42. Qe2 Qd7 43. c5 bxc5 44. Rc4 Bc6 45. Rxc5 Bxa4 46. Qxa6 Bc2 47. Qa8 Bd3+ 48. Kg1 Bf5 49. Ra5 Qd1+ 50. Kg2 Bd3 51. Ra7+ Kh6 52. Qf8+ Kg5 53. h4+ Kh5 54. Rxh7+ Kg4 55. Qb4+ Kf5 56. Qc5+ Kg4 57. Qd4+ Kf5 58. Qd5+ 1-0

[Event "BL2-Ost 0102"]
[Site "Germany"]
[Date "2002.02.03"]
[Round "5.5"]
[White "Seifert, Volker"]
[Black "Manakov, Marina"]
[Result "1-0"]
[WhiteElo "2222"]
[BlackElo "2302"]
[PlyCount "63"]
[EventDate "2001.10.07"]
[EventType "team-tourn"]
[EventRounds "9"]
[EventCountry "GER"]
[SourceTitle "CBM 088 Extra"]
[Source "ChessBase"]
[SourceDate "2002.07.01"]
[SourceVersion "2"]
[SourceVersionDate "2002.07.01"]
[SourceQuality "1"]
[WhiteTeam "Dresden SC"]
[BlackTeam "Bamberg"]
[WhiteTeamCountry "GER"]
[BlackTeamCountry "GER"]

1. d4 d5 2. c4 c6 3. Nc3 Nf6 4. Nf3 dxc4 5. a4 Bf5 6. Ne5 Nbd7 7. Nxc4 Qc7 8. g3 e5 9. dxe5 Nxe5 10. Bf4 Rd8 11. Qc1 Bd6 12. Nxd6+ Qxd6 13. Bg2 a5 14. Qe3 Nfg4 15. Qa7 Qb4 16. h3 Qxb2 17. Rc1 Nf6 18. Qe3 Nfd7 19. Bxe5 0-0 20. Bc7 Rc8 21. Bd6 Rfe8 22. Qf4 Bg6 23. 0-0 Nf6 24. e4 b5 25. e5 Nh5 26. Qf3 b4 27. Ne4 Bxe4 28. Qxe4 g6 29. Rxc6 Qa2 30. Rxc8 Rxc8 31. Qb7 Re8 32. Bd5 1-0

[Event "BL2-Ost 0102"]
[Site "Germany"]
[Date "2001.11.25"]
[Round "3.5"]
[White "Roth, Norbert"]
[Black "Manakov, Marina"]
[Result "0-1"]
[WhiteElo "2271"]
[BlackElo "2302"]
[PlyCount "78"]
[EventDate "2001.10.07"]
[EventType "team-tourn"]
[EventRounds "9"]
[EventCountry "GER"]
[SourceTitle "CBM 088 Extra"]
[Source "ChessBase"]
[SourceDate "2002.07.01"]
[SourceVersion "2"]
[SourceVersionDate "2002.07.01"]
[SourceQuality "1"]
[WhiteTeam "Nuernberg"]
[BlackTeam "Bamberg"]
[WhiteTeamCountry "GER"]
[BlackTeamCountry "GER"]

1. c4 c6 2. Nf3 d5 3. cxd5 cxd5 4. d4 Nc6 5. Nc3 Nf6 6. Bf4 a6 7. e3 g6 8. h3 Bg7 9. Be2 0-0 10. 0-0 b5 11. Ne5 Bb7 12. Nd3 Qb6 13. b4 Rfd8 14. Qb3 Ne4 15. Nxe4 dxe4 16. Nc5 e5 17. Bg5 exd4 18. Bxd8 Rxd8 19. Rac1 d3 20. Bg4 Ne5 21. f4 Bd5 22. Qb1 Nc4 23. Rce1 f5 24. Bd1 Nd2 25. Qc1 Nxf1 26. Rxf1 Bxa2 27. g4 Bc4 28. Rf2 a5 29. Na4 Qe6 30. Nb2 axb4 31. gxf5 gxf5 32. Rg2 Kh8 33. Qd2 Bc3 34. Qf2 Rg8 35. Rg5 Rxg5+ 36. fxg5 Qe5 37. Nxc4 bxc4 38. Qh4 Qe6 39. Bh5 Kg7 0-1

[Event "BL 0102 (Women)"]
[Site "Germany"]
[Date "2001.10.27"]
[Round "1.2"]
[White "Botsari, Anna Maria"]
[Black "Manakov, Marina"]
[Result "0-1"]
[WhiteElo "2315"]
[BlackElo "2302"]
[PlyCount "108"]
[EventDate "2001.10.27"]
[EventType "team-tourn"]
[EventRounds "11"]
[EventCountry "GER"]
[SourceTitle "EXT 2003"]
[Source "ChessBase"]
[SourceDate "2002.11.25"]
[SourceVersion "1"]
[SourceVersionDate "2002.11.25"]
[SourceQuality "1"]
[WhiteTeam "Kiel"]
[BlackTeam "Stuttgart"]
[WhiteTeamCountry "GER"]
[BlackTeamCountry "GER"]

1. d4 d5 2. c4 c6 3. Nf3 Nf6 4. e3 g6 5. Nc3 Bg7 6. Be2 0-0 7. 0-0 b6 8. Ne5 Bb7 9. Qb3 e6 10. Bd2 Nbd7 11. f4 c5 12. cxd5 Nxd5 13. Nxd7 Qxd7 14. dxc5 Nxf4 15. exf4 Qxd2 16. Bf3 Qd4+ 17. Kh1 Bxf3 18. Rxf3 Qxc5 19. h3 Rad8 20. Raf1 Rd4 21. a3 Rfd8 22. Qa2 Qc6 23. Qb1 Rd2 24. Rc1 Qc4 25. b3 Qa6 26. a4 Qb7 27. Qe4 Qxe4 28. Nxe4 Rd1+ 29. Rxd1 Rxd1+ 30. Kh2 h6 31. Nc3 Rd7 32. Nb5 a6 33. Na3 Kf8 34. g4 Ke7 35. Kg3 Rd8 36. Nc2 Rd2 37. Nb4 a5 38. Nd3 Bd4 39. h4 h5 40. gxh5 gxh5 41. Ne5 Bxe5 42. fxe5 Re2 43. Kf4 Rg2 44. Ke3 Rh2 45. Kf4 Rxh4+ 46. Kg5 Re4 47. Kxh5 Rxe5+ 48. Kg4 Re4+ 49. Kg5 f5 50. Kg6 Rg4+ 51. Kh5 Kf6 52. Rc3 Rg8 53. Kh4 f4 54. Rc6 Kf5 0-1

[Event "Oberliga Ost-B 0001"]
[Site "Germany"]
[Date "2001.04.01"]
[Round "9.5"]
[White "Schmidt, Jan Peter"]
[Black "Manakov, Marina"]
[Result "1-0"]
[WhiteElo "2315"]
[BlackElo "2296"]
[PlyCount "77"]
[EventDate "2000.10.15"]
[EventType "team"]
[EventRounds "11"]
[EventCountry "GER"]
[SourceTitle "EXT 2002"]
[Source "ChessBase"]
[SourceDate "2001.11.25"]
[SourceVersion "1"]
[SourceVersionDate "2001.11.25"]
[SourceQuality "1"]
[WhiteTeam "Schoeneck"]
[BlackTeam "Zeitnot Hungen-Lich"]
[WhiteTeamCountry "GER"]
[BlackTeamCountry "GER"]

1. c4 c6 2. Nc3 d5 3. e3 Nf6 4. Nf3 g6 5. cxd5 cxd5 6. Bb5+ Bd7 7. Qb3 Bxb5 8. Qxb5+ Qd7 9. Ne5 Qxb5 10. Nxb5 Na6 11. b3 Bg7 12. d4 Nd7 13. Nd3 Kd8 14. Ba3 Nab8 15. Rc1 Nc6 16. Kd2 a6 17. Nc3 e6 18. Na4 Rc8 19. Rc2 Bf8 20. Bxf8 Rxf8 21. Rhc1 Ke7 22. Nb4 Kd6 23. f3 Na7 24. e4 Rxc2+ 25. Rxc2 Rc8 26. Nc5 Nxc5 27. dxc5+ Ke5 28. exd5 a5 29. f4+ Kf5 30. Nd3 exd5 31. Rc1 Re8 32. Ne5 f6 33. Nf7 Kxf4 34. Rf1+ Kg4 35. Rxf6 Rc8 36. Rb6 Rxc5 37. Rxb7 Nb5 38. Ne5+ Kf5 39. Nd3 1-0